Normal view
MARC view
- Fauzul Na'im Ishak
Entry Personal Name
001 - CONTROL NUMBER
- control field: 1933
003 - CONTROL NUMBER IDENTIFIER
- control field: OSt
005 - DATE AND TIME OF LATEST TRANSACTION
- control field: 20170505164535.0
008 - FIXED-LENGTH DATA ELEMENTS
- fixed length control field: 170505|| aca||aabn | a|a d
040 ## - CATALOGING SOURCE
- Original cataloging agency: OSt
- Transcribing agency: OSt
100 ## - HEADING--PERSONAL NAME
- Personal name: Fauzul Na'im Ishak
670 ## - SOURCE DATA FOUND
- Source citation: Work cat.: (OSt)0: Mohd. Fadzilah Kamsah, Dato', 1951- 1278, Cerita-cerita motivasi untuk pemimpin /, 2006

PORTAL AKMAL
E-MEL JKDM
AKMAL2U
G-BAM
u-PUSTAKA